[Event "ENCI Limburg-open A"]
[Site "Maastricht"]
[Date "2011.06.11"]
[Round "2"]
[White "Offringa, Joost"]
[Black "Roos, Adrian"]
[Result "1-0"]
[WhiteElo "2060"]
[BlackElo "2127"]
[PlyCount "85"]
[EventDate "2011.06.10"]
[EventType "swiss"]
[EventRounds "7"]
[EventCountry "NED"]
[Source "P.Boonen"]
[SourceDate "2012.01.01"]

1. e4 c5 2. c3 Nf6 3. e5 Nd5 4. b4 cxb4 5. c4 Nc7 6. Nf3 e6 7. Bb2 b6 8. d4 Bb7
9. Bd3 Be7 10. Nbd2 O-O 11. h4 h6 12. g4 Qe8 13. Rg1 g6 14. Ne4 Qd8 15. Qd2 Kg7
16. Qf4 b5 17. Ng3 Bxf3 18. Nh5+ Kh7 19. Bc1 Bg5 20. hxg5 bxc4 21. Nf6+ Kg7 22.
gxh6+ Kh8 23. Qxf3 cxd3 24. Bg5 Qc8 25. Nh7 Nd5 26. Nxf8 Qxf8 27. Qxd3 Kh7 28.
f4 d6 29. f5 dxe5 30. fxg6+ fxg6 31. Rf1 Qe8 32. Qf3 Nc6 33. Qf7+ Qxf7 34.
Rxf7+ Kh8 35. dxe5 Nxe5 36. Bf6+ Nxf6 37. Rxf6 Kh7 38. g5 Rc8 39. Rd1 Rc3 40.
Ke2 Rg3 41. Rxe6 Rxg5 42. Re7+ Kxh6 43. Rh1+ 1-0

[Event "ENCI Limburg-open A"]
[Site "Maastricht"]
[Date "2011.06.11"]
[Round "2"]
[White "Olthof, Rene"]
[Black "Kampman, Tijmen"]
[Result "1/2-1/2"]
[WhiteElo "2202"]
[BlackElo "2108"]
[PlyCount "39"]
[EventDate "2011.06.10"]
[EventType "swiss"]
[EventRounds "7"]
[EventCountry "NED"]
[Source "P.Boonen"]
[SourceDate "2012.01.01"]

1. e4 e6 2. d4 d5 3. Nc3 Nc6 4. Nf3 Nf6 5. exd5 exd5 6. Bb5 Bb4 7. O-O O-O 8.
Bg5 Be7 9. Ne5 Nb8 10. Ne2 Ne4 11. Be3 Nd7 12. f3 Nd6 13. Bd3 Nxe5 14. dxe5 Nc4
15. Bxc4 dxc4 16. Ng3 c5 17. Qxd8 Rxd8 18. Rfd1 Be6 19. Ne4 b6 20. Kf2 1/2-1/2

[Event "ENCI Limburg-open A"]
[Site "Maastricht"]
[Date "2011.06.11"]
[Round "2"]
[White "Priebe, Jan"]
[Black "Tonndorf, Matthias"]
[Result "1-0"]
[WhiteElo "2252"]
[BlackElo "2196"]
[PlyCount "115"]
[EventDate "2011.06.10"]
[EventType "swiss"]
[EventRounds "7"]
[EventCountry "NED"]
[Source "P.Boonen"]
[SourceDate "2012.01.01"]

1. e4 c5 2. Nf3 e6 3. d4 cxd4 4. Nxd4 a6 5. Nc3 Qc7 6. Bd3 Nc6 7. Be3 Nf6 8.
O-O Ne5 9. h3 Bc5 10. Qe2 Ng6 11. Nb3 Bxe3 12. Qxe3 d6 13. a4 O-O 14. Rfd1 Bd7
15. Rd2 Rfd8 16. Bf1 e5 17. g3 Be6 18. Rad1 Ne7 19. Bg2 Bxb3 20. cxb3 Nc6 21.
Bf1 Nd4 22. Ne2 Nc6 23. g4 h6 24. f3 Nh7 25. Nc3 Nd4 26. Nd5 Qc5 27. Kg2 Ng5
28. b4 Qa7 29. f4 Nh7 30. a5 Kh8 31. Bc4 Rac8 32. b3 Nf8 33. f5 Nc6 34. Qxa7
Nxa7 35. Nb6 Rc7 36. Rxd6 Rxd6 37. Rxd6 Nc6 38. Bd5 Nxb4 39. Rd8 Kg8 40. Rb8
Nd3 41. Bxb7 Nf4+ 42. Kf1 Rc1+ 43. Kf2 Nxh3+ 44. Ke2 Rc2+ 45. Kd3 Rc7 46. Bxa6
Nf2+ 47. Ke3 Nxg4+ 48. Kf3 Nf6 49. Bc4 h5 50. a6 h4 51. Nd5 Ra7 52. Nxf6+ gxf6
53. b4 Kg7 54. Rxf8 Kxf8 55. b5 Rc7 56. b6 Rxc4 57. b7 Rc3+ 58. Kg2 1-0

[Event "ENCI Limburg-open A"]
[Site "Maastricht"]
[Date "2011.06.11"]
[Round "2"]
[White "Schleipfenbauer, Frank"]
[Black "Eulering, Georg"]
[Result "0-1"]
[WhiteElo "2124"]
[BlackElo "2104"]
[PlyCount "98"]
[EventDate "2011.06.10"]
[EventType "swiss"]
[EventRounds "7"]
[EventCountry "NED"]
[Source "P.Boonen"]
[SourceDate "2012.01.01"]

1. e4 Nf6 2. Nc3 d5 3. e5 Ne4 4. Nce2 Nc5 5. d4 Ne6 6. Nf3 g6 7. g3 Bg7 8. Bg2
O-O 9. O-O c6 10. Be3 a5 11. Qd2 b5 12. Bh6 Re8 13. h4 Nd7 14. g4 Bh8 15. h5
Ndf8 16. hxg6 hxg6 17. Nh2 b4 18. f4 Ba6 19. c3 Qb6 20. Rae1 Rab8 21. f5 Nd8
22. Bxf8 Rxf8 23. fxg6 Bg7 24. gxf7+ Nxf7 25. Kh1 bxc3 26. bxc3 Qb2 27. Qxb2
Rxb2 28. Rf2 Rxa2 29. Kg1 Bh6 30. Nf1 Ng5 31. Rxf8+ Kxf8 32. Nfg3 Ne6 33. Bf1
Be3+ 34. Kh1 Bg5 35. Rb1 Bd3 36. Rb8+ Kf7 37. Nc1 Bxc1 38. Bxd3 Nf4 39. Bb1 Rb2
40. e6+ Nxe6 41. Rxb2 Bxb2 42. Ne2 a4 43. Kg2 Kf6 44. Kf3 Kg5 45. Ba2 Kh4 46.
c4 dxc4 47. Ke3 Kxg4 48. Bxc4 Nc7 49. Kd3 Nd5 0-1

[Event "ENCI Limburg-open A"]
[Site "Maastricht"]
[Date "2011.06.11"]
[Round "2"]
[White "Schroer, Marcel"]
[Black "Vogel, Jaap"]
[Result "1/2-1/2"]
[WhiteElo "2108"]
[BlackElo "2223"]
[PlyCount "42"]
[EventDate "2011.06.10"]
[EventType "swiss"]
[EventRounds "7"]
[EventCountry "NED"]
[Source "P.Boonen"]
[SourceDate "2012.01.01"]

1. e4 e6 2. d4 d5 3. Nc3 Bb4 4. e5 c5 5. a3 Bxc3+ 6. bxc3 Qa5 7. Bd2 Qa4 8. Qb1
c4 9. Nf3 Nc6 10. Be2 Nge7 11. O-O O-O 12. Qd1 Bd7 13. Ng5 f6 14. exf6 Rxf6 15.
f4 h6 16. Nh3 Be8 17. Nf2 Bg6 18. Ra2 Qa5 19. Bf3 Raf8 20. Qe2 Bf5 21. g3 Kh8
1/2-1/2

[Event "ENCI Limburg-open A"]
[Site "Maastricht"]
[Date "2011.06.11"]
[Round "2"]
[White "Solleveld, Maarten"]
[Black "Lenhardt, Manfred"]
[Result "1-0"]
[WhiteElo "2507"]
[BlackElo "2111"]
[PlyCount "81"]
[EventDate "2011.06.10"]
[EventType "swiss"]
[EventRounds "7"]
[EventCountry "NED"]
[Source "P.Boonen"]
[SourceDate "2012.01.01"]

1. e4 e6 2. d4 d5 3. Nc3 Bb4 4. e5 c5 5. a3 Bxc3+ 6. bxc3 Ne7 7. Qg4 Qc7 8.
Qxg7 Rg8 9. Qxh7 cxd4 10. Ne2 Nbc6 11. f4 dxc3 12. Qd3 Bd7 13. Qxc3 Nf5 14. Rb1
O-O-O 15. Rg1 d4 16. Qc5 b6 17. Qc4 Kb8 18. g4 Nh4 19. Rg3 Bc8 20. Bd2 Bb7 21.
Kf2 Rc8 22. c3 Qd8 23. Qd3 dxc3 24. Qxd8 Rgxd8 25. Bxc3 Ka8 26. Rh3 Ng6 27. Rh7
Rh8 28. Rxh8 Rxh8 29. h3 Rd8 30. Rb2 Nce7 31. Rd2 Nd5 32. Kg3 Rc8 33. Bd4 Rc4
34. Bg2 Ra4 35. Bb2 Kb8 36. Bxd5 Bxd5 37. f5 Ne7 38. Nf4 Re4 39. f6 Re3+ 40.
Kh4 Bg2 41. fxe7 1-0

[Event "ENCI Limburg-open A"]
[Site "Maastricht"]
[Date "2011.06.11"]
[Round "2"]
[White "Thingstad, Even"]
[Black "Van Assendelft, Floris"]
[Result "0-1"]
[WhiteElo "2199"]
[BlackElo "2384"]
[PlyCount "82"]
[EventDate "2011.06.10"]
[EventType "swiss"]
[EventRounds "7"]
[EventCountry "NED"]
[Source "P.Boonen"]
[SourceDate "2012.01.01"]

1. d4 d6 2. c4 e5 3. Nf3 e4 4. Ng5 f5 5. Nc3 Be7 6. Nh3 Nf6 7. g3 O-O 8. Bg2 c6
9. O-O Na6 10. d5 Bd7 11. Rb1 c5 12. a3 Ng4 13. f3 exf3 14. exf3 Ne5 15. b3 Nc7
16. Qc2 b5 17. Ne2 f4 18. Nhxf4 Bf5 19. Qa2 Bxb1 20. Qxb1 bxc4 21. bxc4 Nxc4
22. Qe4 Nb6 23. Bh3 Qe8 24. Bf5 Rxf5 25. Qxf5 Qf7 26. Qxf7+ Kxf7 27. Nc3 h6 28.
Rd1 Rb8 29. Nfe2 Nc4 30. f4 Nb5 31. Nxb5 Rxb5 32. Rd3 Bf6 33. Kf2 Nb6 34. Rf3
Nxd5 35. Rd3 c4 36. Rd1 Ke7 37. Nd4 Rb1 38. Nc6+ Kd7 39. Nxa7 Nc3 40. Re1 Bd4+
41. Be3 Bxe3+ 0-1

[Event "ENCI Limburg-open A"]
[Site "Maastricht"]
[Date "2011.06.11"]
[Round "2"]
[White "Timmermans, Ivo"]
[Black "Goudriaan, Etienne"]
[Result "1/2-1/2"]
[WhiteElo "2219"]
[BlackElo "2307"]
[PlyCount "84"]
[EventDate "2011.06.10"]
[EventType "swiss"]
[EventRounds "7"]
[EventCountry "NED"]
[Source "P.Boonen"]
[SourceDate "2012.01.01"]

1. d4 Nf6 2. c4 g6 3. Nc3 Bg7 4. e4 d6 5. Nf3 O-O 6. Be2 e5 7. O-O Nc6 8. d5
Ne7 9. b4 Nh5 10. Re1 a5 11. bxa5 Rxa5 12. Nd2 Nf4 13. Bf1 c5 14. dxc6 bxc6 15.
Nb3 Ra8 16. Qc2 Ne6 17. Be3 Nd4 18. Qd2 c5 19. Rad1 f5 20. Bg5 Qd7 21. f3 Bb7
22. Bd3 Kh8 23. Nd5 Nxd5 24. exd5 Ra3 25. Rb1 Rfa8 26. Nxd4 cxd4 27. Rb2 Ba6
28. Reb1 Qa7 29. Rb6 Rc3 30. h4 e4 31. fxe4 fxe4 32. Bxe4 Re8 33. Bh6 Bxh6 34.
Qxh6 Qg7 35. Qf4 Qe7 36. Rxa6 Qxe4 37. Qf6+ Kg8 38. Rf1 Qe3+ 39. Kh1 Rc1 40.
Qf7+ Kh8 41. Qf6+ Kg8 42. Qf7+ Kh8 1/2-1/2

[Event "ENCI Limburg-open A"]
[Site "Maastricht"]
[Date "2011.06.11"]
[Round "2"]
[White "Turova, Irina"]
[Black "Van Oosterom, Chiel"]
[Result "1/2-1/2"]
[WhiteElo "2442"]
[BlackElo "2422"]
[PlyCount "49"]
[EventDate "2011.06.10"]
[EventType "swiss"]
[EventRounds "7"]
[EventCountry "NED"]
[Source "P.Boonen"]
[SourceDate "2012.01.01"]

1. d4 f5 2. g3 Nf6 3. Bg2 g6 4. Nf3 Bg7 5. c4 O-O 6. b4 c6 7. Bb2 a5 8. b5 cxb5
9. cxb5 a4 10. O-O d5 11. Nc3 Ne4 12. Rc1 a3 13. Ba1 Be6 14. Qb3 Qd6 15. Rfd1
Bh6 16. e3 Nd7 17. Ne5 Nb6 18. Ne2 Ra4 19. Nf4 Rb4 20. Qd3 Bd7 21. Nxd7 Nxd7
22. Qxa3 Bxf4 23. exf4 Nb6 24. Qd3 Ra8 25. f3 1/2-1/2

[Event "ENCI Limburg-open A"]
[Site "Maastricht"]
[Date "2011.06.11"]
[Round "2"]
[White "Voicu, Carmen"]
[Black "Vos, Tjark"]
[Result "1-0"]
[WhiteElo "2303"]
[BlackElo "1819"]
[PlyCount "117"]
[EventDate "2011.06.10"]
[EventType "swiss"]
[EventRounds "7"]
[EventCountry "NED"]
[Source "P.Boonen"]
[SourceDate "2012.01.01"]

1. e4 e6 2. d3 d5 3. Qe2 Be7 4. Nf3 Nf6 5. g3 c5 6. Bg2 Nc6 7. O-O O-O 8. e5
Nd7 9. c4 f6 10. exf6 Nxf6 11. Nc3 d4 12. Ne4 e5 13. Nfd2 Bf5 14. Nxf6+ Bxf6
15. Ne4 Be7 16. Bd2 Qd7 17. Rae1 Bh3 18. a3 Bxg2 19. Kxg2 a6 20. Rc1 Qe6 21. h3
Qg6 22. Qg4 Qxg4 23. hxg4 Rf7 24. Rb1 a5 25. f3 b6 26. Rf2 Rb8 27. b3 Rff8 28.
Be1 Rb7 29. g5 Rfb8 30. a4 Rf8 31. Bd2 Nd8 32. Re1 Nf7 33. Kh3 Nd6 34. Kg4 Nxe4
35. Rxe4 Bd6 36. f4 Rbf7 37. f5 Bc7 38. Rf3 Bd6 39. Re2 Bc7 40. Ref2 Re8 41.
Re2 Ref8 42. Rff2 Bd6 43. Be1 Bc7 44. Bd2 Bd6 45. Rf1 Bc7 46. Rh2 Bd6 47. Rfh1
h6 48. gxh6 Rxf5 49. hxg7 R8f7 50. Rh8+ Kxg7 51. R1h7+ Kg6 52. Rh6+ Kg7 53.
R8h7+ Kg8 54. Rxf7 Rxf7 55. Rxd6 Rf2 56. Bg5 Rf1 57. Rxb6 Rd1 58. Kf5 Rxd3 59.
Kg6 1-0

[Event "ENCI Limburg-open A"]
[Site "Maastricht"]
[Date "2011.06.11"]
[Round "2"]
[White "Vrancken, Gilbert"]
[Black "Coenen, Eduard"]
[Result "0-1"]
[WhiteElo "2189"]
[BlackElo "2093"]
[PlyCount "82"]
[EventDate "2011.06.10"]
[EventType "swiss"]
[EventRounds "7"]
[EventCountry "NED"]
[Source "P.Boonen"]
[SourceDate "2012.01.01"]

1. e4 g6 2. d4 Bg7 3. Nc3 d6 4. Bc4 e6 5. Nf3 a6 6. a4 Ne7 7. Bg5 h6 8. Bh4
Nbc6 9. O-O g5 10. Bg3 Ng6 11. d5 Na5 12. Ba2 Bxc3 13. bxc3 e5 14. Nd2 f5 15.
exf5 Bxf5 16. f3 b6 17. Qe2 Nf4 18. Bxf4 gxf4 19. g3 Qg5 20. Kf2 fxg3+ 21. hxg3
Bxc2 22. Nc4 Qg6 23. Nxa5 bxa5 24. Bc4 O-O 25. Ra2 Be4 26. Ke3 Bf5 27. Kd2 Qxg3
28. Bxa6 Qf4+ 29. Ke1 Kh7 30. Bd3 Qc1+ 31. Kf2 Qxc3 32. Rd1 Qd4+ 33. Kf1 Qf4
34. Rc2 Rf7 35. Rdc1 e4 36. Rxc7 Raf8 37. Bb1 exf3 38. Qc4 Qe5 39. Re1 Qf6 40.
Re6 Qg5 41. Bxf5+ Qxf5 0-1

[Event "ENCI Limburg-open A"]
[Site "Maastricht"]
[Date "2011.06.11"]
[Round "2"]
[White "Wiley, Tom E"]
[Black "Henrichs, Thomas"]
[Result "1/2-1/2"]
[WhiteElo "2296"]
[BlackElo "2469"]
[PlyCount "116"]
[EventDate "2011.06.10"]
[EventType "swiss"]
[EventRounds "7"]
[EventCountry "NED"]
[Source "P.Boonen"]
[SourceDate "2012.01.01"]

1. d4 Nf6 2. Bg5 e6 3. Nd2 c5 4. e3 cxd4 5. exd4 Be7 6. Ngf3 b6 7. c3 Bb7 8.
Bd3 d6 9. Qa4+ Nbd7 10. Ba6 Qc8 11. Bxb7 Qxb7 12. O-O O-O 13. Rfe1 b5 14. Qb3
Qc6 15. a4 a6 16. Ra2 Nb6 17. axb5 axb5 18. Rea1 Nfd5 19. Rxa8 Rxa8 20. Rxa8+
Nxa8 21. Bxe7 Nxe7 22. Ne1 g6 23. Nd3 Nb6 24. Nb4 Qa8 25. Nc2 Qa4 26. Na3 Qxb3
27. Nxb3 Na4 28. Nxb5 d5 29. Na5 Nxb2 30. Kf1 Nc8 31. Ke2 Kf8 32. Kd2 Nb6 33.
Na3 N2a4 34. Kc2 Nd7 35. c4 dxc4 36. N3xc4 Nab6 37. Nxb6 Nxb6 38. Kd3 Nd5 39.
g3 g5 40. Nc4 Ke7 41. Ne3 Nf6 42. f4 gxf4 43. gxf4 Nd5 44. f5 Kf6 45. fxe6 fxe6
46. Ke4 Nc3+ 47. Kd3 Nb5 48. Ke4 Nd6+ 49. Kf4 h5 50. h4 Nb5 51. Ke4 Nc3+ 52.
Kd3 Nd5 53. Nxd5+ exd5 54. Ke3 Kf5 55. Kf3 Ke6 56. Kf4 Kf6 57. Ke3 Kf5 58. Kf3
Ke6 1/2-1/2

[Event "ENCI Limburg-open A"]
[Site "Maastricht"]
[Date "2011.06.11"]
[Round "2"]
[White "Wilschut, Peter"]
[Black "Van Dijk, Harold"]
[Result "0-1"]
[WhiteElo "2214"]
[BlackElo "2329"]
[PlyCount "170"]
[EventDate "2011.06.10"]
[EventType "swiss"]
[EventRounds "7"]
[EventCountry "NED"]
[Source "P.Boonen"]
[SourceDate "2012.01.01"]

1. c4 Nf6 2. Nc3 g6 3. g3 Bg7 4. Bg2 O-O 5. Nf3 d6 6. O-O c6 7. d4 Qa5 8. e4
Qh5 9. Ng5 Qxd1 10. Rxd1 e5 11. d5 c5 12. Nf3 Na6 13. Ne1 Rd8 14. a3 Bd7 15.
Rb1 Ne8 16. Be3 f5 17. f3 Nac7 18. b4 b6 19. Nd3 Rdc8 20. Rdc1 Rcb8 21. Bf1 Nf6
22. bxc5 bxc5 23. Bg2 Bf8 24. Rxb8 Rxb8 25. Rb1 Rxb1+ 26. Nxb1 fxe4 27. fxe4
Ba4 28. Nc3 Bc2 29. Nb2 a6 30. Bf3 Be7 31. Kf2 Bd8 32. Ke2 Na8 33. Kd2 Bb3 34.
Bd1 Bxd1 35. Nbxd1 Ng4 36. h3 Nxe3 37. Kxe3 Kf7 38. Kd3 Kf6 39. Ne2 Kg5 40. Ng1
Ba5 41. Nf3+ Kf6 42. Kc2 Nc7 43. Kd3 Ne8 44. Ne3 Bd8 45. g4 Kf7 46. Nf1 Kg7 47.
Ng3 Kh6 48. Kc3 Bg5 49. Kb3 Nf6 50. Ka4 Bf4 51. g5+ Bxg5 52. Ka5 Bf4 53. Ne2
Nxe4 54. Nxf4 exf4 55. Kxa6 Ng5 56. Nh2 Kh5 57. Kb7 Kh4 58. a4 Kxh3 59. Nf1 Kg2
60. Nd2 h5 61. a5 h4 62. a6 h3 63. a7 h2 64. a8=Q h1=Q 65. Qd8 Ne4 66. Nxe4
Qb1+ 67. Kc6 Qxe4 68. Qg5+ Kh3 69. Kxd6 f3 70. Qg1 Qxc4 71. Qh1+ Kg4 72. Qg1+
Kf5 73. Kc6 Qd4 74. Qxd4 cxd4 75. d6 f2 76. d7 f1=Q 77. d8=Q Qa6+ 78. Kd5 Qf6
79. Qc8+ Kf4 80. Kc4 g5 81. Qb8+ Qe5 82. Qf8+ Ke4 83. Qf1 Qc7+ 84. Kb3 Qc3+ 85.
Ka2 g4 0-1

[Event "ENCI Limburg-open A"]
[Site "Maastricht"]
[Date "2011.06.11"]
[Round "2"]
[White "Wislez, Francis"]
[Black "Heinichen, Nils"]
[Result "0-1"]
[WhiteElo "2009"]
[BlackElo "2058"]
[PlyCount "140"]
[EventDate "2011.06.10"]
[EventType "swiss"]
[EventRounds "7"]
[EventCountry "NED"]
[Source "P.Boonen"]
[SourceDate "2012.01.01"]

1. c4 Nf6 2. Nf3 g6 3. g3 Bg7 4. Bg2 O-O 5. O-O d6 6. d4 Nbd7 7. Nc3 c6 8. e4
e5 9. dxe5 dxe5 10. b3 Qa5 11. Qc2 Re8 12. Bd2 Qc7 13. h3 Nf8 14. Be3 Ne6 15.
Rfd1 Nd7 16. Rab1 a5 17. a4 Ndc5 18. Bxc5 Nxc5 19. Ne1 Ne6 20. Nf3 Nd4 21. Qd3
f5 22. Kh2 Kh8 23. Nh4 Be6 24. Ne2 Rad8 25. Qe3 Qe7 26. exf5 Nxf5 27. Nxf5 gxf5
28. Qb6 Rxd1 29. Rxd1 Qb4 30. Qxb4 axb4 31. Bf3 Bf6 32. Rd6 Kg7 33. Bh5 Bf7 34.
Bxf7 Kxf7 35. Rd7+ Re7 36. Rxe7+ Kxe7 37. f3 e4 38. fxe4 fxe4 39. Kg2 Kd6 40.
Kf2 Ke5 41. h4 Be7 42. Kg2 Bc5 43. g4 Be3 44. Kf1 Bf4 45. Kg2 Bd2 46. Kf2 h6
47. Kf1 e3 48. Kg2 Ke4 49. g5 hxg5 50. hxg5 Bc3 51. g6 Bg7 52. Nc1 c5 53. a5
Bf6 54. Kg3 Be5+ 55. Kg2 Bc3 56. Kf1 Kf3 57. Ne2 Bf6 58. Ng1+ Ke4 59. Ke2 Kd4
60. Nf3+ Kc3 61. Kxe3 Kxb3 62. Kd3 Ka2 63. Nd2 b3 64. Ke4 b2 65. Kd5 Bd4 66.
Kd6 Be3 67. Nb1 Bd4 68. Nd2 Be3 69. Nb1 Kxb1 70. g7 Ka1 0-1

[Event "ENCI Limburg-open A"]
[Site "Maastricht"]
[Date "2011.06.11"]
[Round "2"]
[White "Woestenburg, Jochem"]
[Black "Van den Ouden, Lendert"]
[Result "1/2-1/2"]
[WhiteElo "2032"]
[BlackElo "2016"]
[PlyCount "34"]
[EventDate "2011.06.10"]
[EventType "swiss"]
[EventRounds "7"]
[EventCountry "NED"]
[Source "P.Boonen"]
[SourceDate "2012.01.01"]

1. e4 c6 2. d4 d5 3. exd5 cxd5 4. c4 Nf6 5. Nc3 Nc6 6. Nf3 Bg4 7. cxd5 Nxd5 8.
Qb3 Bxf3 9. gxf3 Nb6 10. d5 Nd4 11. Qd1 e5 12. dxe6 fxe6 13. Be3 Bc5 14. Bg2
Nc4 15. Bxd4 Qxd4 16. Qa4+ Ke7 17. O-O Nd2 1/2-1/2

[Event "ENCI Limburg-open A"]
[Site "Maastricht"]
[Date "2011.06.11"]
[Round "3"]
[White "Bekker, Stefan"]
[Black "Jahncke, Giso"]
[Result "1-0"]
[WhiteElo "2162"]
[BlackElo "2208"]
[PlyCount "77"]
[EventDate "2011.06.10"]
[EventType "swiss"]
[EventRounds "7"]
[EventCountry "NED"]
[Source "P.Boonen"]
[SourceDate "2012.01.01"]

1. e4 c5 2. Nc3 Nc6 3. f4 g6 4. Nf3 Bg7 5. Bb5 Nd4 6. O-O Nxb5 7. Nxb5 a6 8.
Nc3 b5 9. d3 Bb7 10. Qe1 d5 11. h3 d4 12. Ne2 e6 13. f5 exf5 14. exf5 Qe7 15.
Bg5 f6 16. Bd2 g5 17. Ng3 h5 18. Qf2 O-O-O 19. Ba5 Rd5 20. Rae1 Qd7 21. b4 g4
22. Nh4 Bh6 23. Ng6 Be3 24. Rxe3 dxe3 25. Qxe3 Rh6 26. Ne4 Rxg6 27. fxg6 Re5
28. bxc5 Qe7 29. c6 Bxc6 30. Qb6 Bxe4 31. dxe4 Re6 32. Qd4 gxh3 33. Rf3 Rc6 34.
Rd3 Nh6 35. g7 Rxc2 36. Qd8+ Qxd8 37. Rxd8+ Kb7 38. gxh3 Rxa2 39. Rh8 1-0

[Event "ENCI Limburg-open A"]
[Site "Maastricht"]
[Date "2011.06.11"]
[Round "3"]
[White "Bezemer, Arno"]
[Black "Noiroux, Kevin"]
[Result "1/2-1/2"]
[WhiteElo "2335"]
[BlackElo "2185"]
[PlyCount "37"]
[EventDate "2011.06.10"]
[EventType "swiss"]
[EventRounds "7"]
[EventCountry "NED"]
[Source "P.Boonen"]
[SourceDate "2012.01.01"]

1. d4 Nf6 2. c4 e6 3. Nc3 Bb4 4. e3 b6 5. Nge2 Ba6 6. Qa4 c5 7. a3 Bxc3+ 8.
Nxc3 O-O 9. dxc5 bxc5 10. Be2 d5 11. O-O Qb6 12. cxd5 Bxe2 13. Nxe2 exd5 14. b4
Na6 15. Bb2 d4 16. exd4 cxb4 17. axb4 Nxb4 18. Rab1 a5 19. Rfd1 1/2-1/2

[Event "ENCI Limburg-open A"]
[Site "Maastricht"]
[Date "2011.06.11"]
[Round "3"]
[White "Bijlsma, Nick"]
[Black "Surewaard, Wilbert"]
[Result "1-0"]
[WhiteElo "2177"]
[BlackElo "2164"]
[PlyCount "57"]
[EventDate "2011.06.10"]
[EventType "swiss"]
[EventRounds "7"]
[EventCountry "NED"]
[Source "P.Boonen"]
[SourceDate "2012.01.01"]

1. e4 e5 2. Nf3 Nc6 3. Bb5 Nd4 4. Nxd4 exd4 5. d3 c6 6. Bc4 h5 7. Qf3 Nf6 8.
O-O d5 9. exd5 Bd6 10. Bg5 b5 11. Bxf6 gxf6 12. Bb3 c5 13. a4 b4 14. Re1+ Kd7
15. c3 bxc3 16. bxc3 Re8 17. Nd2 Rxe1+ 18. Rxe1 dxc3 19. Ne4 Kc7 20. Nxc3 Bg4
21. Qe3 Rc8 22. Bc4 Bd7 23. Ne4 Qf8 24. Qd2 Kb8 25. Qb2+ Kc7 26. Qc3 Kb8 27.
Qxf6 Bc7 28. Qa6 Bb6 29. a5 1-0

[Event "ENCI Limburg-open A"]
[Site "Maastricht"]
[Date "2011.06.11"]
[Round "3"]
[White "Bomans, Arno"]
[Black "Eulering, Georg"]
[Result "1/2-1/2"]
[WhiteElo "2200"]
[BlackElo "2104"]
[PlyCount "33"]
[EventDate "2011.06.10"]
[EventType "swiss"]
[EventRounds "7"]
[EventCountry "NED"]
[Source "P.Boonen"]
[SourceDate "2012.01.01"]

1. d4 Nf6 2. c4 e6 3. Nc3 Bb4 4. Qc2 Nc6 5. Nf3 O-O 6. e4 d6 7. a3 Bxc3+ 8.
bxc3 e5 9. Bd3 Bg4 10. d5 Ne7 11. Be3 Nd7 12. Nd2 Nc5 13. O-O Ng6 14. f3 Bd7
15. g3 Nxd3 16. Qxd3 b6 17. g4 1/2-1/2

[Event "ENCI Limburg-open A"]
[Site "Maastricht"]
[Date "2011.06.11"]
[Round "3"]
[White "Bus, Tom"]
[Black "Miedema, David"]
[Result "1/2-1/2"]
[WhiteElo "2206"]
[BlackElo "2409"]
[PlyCount "76"]
[EventDate "2011.06.10"]
[EventType "swiss"]
[EventRounds "7"]
[EventCountry "NED"]
[Source "P.Boonen"]
[SourceDate "2012.01.01"]

1. c4 e6 2. g3 d5 3. Bg2 Nf6 4. Nf3 dxc4 5. Na3 Bxa3 6. bxa3 O-O 7. Bb2 Nbd7 8.
Rc1 Nb6 9. Ne5 Qe7 10. Qc2 c6 11. O-O Rd8 12. Rfd1 Nfd5 13. Nxc4 Nxc4 14. Qxc4
e5 15. e3 Be6 16. Qc2 f6 17. d4 exd4 18. Rxd4 Nb6 19. Rh4 h6 20. Rd4 Qf7 21. a4
Bxa2 22. a5 Nd5 23. a6 bxa6 24. Qxc6 Nb6 25. Qc7 Qxc7 26. Rxc7 Nd5 27. Rc5 Rab8
28. Rcxd5 Rxd5 29. Bxd5+ Bxd5 30. Rxd5 Rxb2 31. Rd7 Kh7 32. h4 h5 33. Kg2 Kg6
34. Kf3 a5 35. Rxa7 Ra2 36. e4 Ra3+ 37. Kf4 Kh6 38. Ra6 Ra2 1/2-1/2

[Event "ENCI Limburg-open A"]
[Site "Maastricht"]
[Date "2011.06.11"]
[Round "3"]
[White "Coenen, Eduard"]
[Black "Thingstad, Even"]
[Result "1/2-1/2"]
[WhiteElo "2093"]
[BlackElo "2199"]
[PlyCount "107"]
[EventDate "2011.06.10"]
[EventType "swiss"]
[EventRounds "7"]
[EventCountry "NED"]
[Source "P.Boonen"]
[SourceDate "2012.01.01"]

1. d4 Nf6 2. c3 e6 3. Bg5 c5 4. e3 b6 5. Nd2 Bb7 6. Ngf3 Be7 7. Bd3 O-O 8. O-O
Nc6 9. Rc1 cxd4 10. exd4 Nd5 11. Bxe7 Ncxe7 12. Re1 d6 13. Re4 Ng6 14. g3 Qd7
15. Qf1 a6 16. Qh3 Nf6 17. Re3 Rfc8 18. Rce1 Nf8 19. Ng5 h6 20. Nge4 Nxe4 21.
Bxe4 Bxe4 22. Nxe4 d5 23. Nd2 Qa4 24. g4 Qxa2 25. g5 hxg5 26. Nf3 Qxb2 27. Nxg5
Qc2 28. Kh1 Qf5 29. Qh4 f6 30. Nxe6 Nxe6 31. Rxe6 Rxc3 32. Rxb6 Rh3 33. Rxf6
Rxh4 34. Rxf5 Rxd4 35. Re7 Rf8 36. Rg5 Rf7 37. Re8+ Kh7 38. Kg2 Rd2 39. Kg3
Rdxf2 40. Rxd5 R2f3+ 41. Kg4 R3f6 42. Rh5+ Rh6 43. Rxh6+ Kxh6 44. h4 Ra7 45.
Rh8+ Kg6 46. h5+ Kf6 47. Kf4 a5 48. h6 g5+ 49. Kg4 Kg6 50. Rc8 Ra6 51. h7 Kxh7
52. Kxg5 a4 53. Rc2 a3 54. Ra2 1/2-1/2

[Event "ENCI Limburg-open A"]
[Site "Maastricht"]
[Date "2011.06.11"]
[Round "3"]
[White "Dambacher, Martijn"]
[Black "Voicu, Carmen"]
[Result "1/2-1/2"]
[WhiteElo "2500"]
[BlackElo "2303"]
[PlyCount "109"]
[EventDate "2011.06.10"]
[EventType "swiss"]
[EventRounds "7"]
[EventCountry "NED"]
[Source "P.Boonen"]
[SourceDate "2012.01.01"]

1. d4 Nf6 2. c4 c5 3. d5 e6 4. Nc3 exd5 5. cxd5 d6 6. e4 g6 7. f4 Bg7 8. Bb5+
Nfd7 9. a4 a6 10. Bd3 Qh4+ 11. g3 Qd8 12. Nf3 O-O 13. h3 Nf6 14. Kf2 b6 15. Kg2
Ra7 16. Qb3 Re7 17. Bd2 Nbd7 18. Rae1 Bb7 19. Re2 Qa8 20. Bc4 h6 21. Rhe1 Rfe8
22. e5 dxe5 23. fxe5 Nh7 24. e6 fxe6 25. Kh2 Kh8 26. Nh4 Ndf8 27. dxe6 Rd8 28.
Qxb6 Rd4 29. Qxc5 Qd8 30. Bf4 g5 31. Be5 gxh4 32. Qxd4 hxg3+ 33. Kxg3 Qxd4 34.
Bxd4 Bxd4 35. Nd5 Rg7+ 36. Kh2 Bxd5 37. Bxd5 Re7 38. Rf1 a5 39. Rf7 Rxf7 40.
exf7 Kg7 41. Kg2 Bc5 42. Re8 Nf6 43. Bc4 Kg6 44. Kf3 h5 45. Rb8 N6d7 46. Rb5
Bb4 47. Ke4 Nc5+ 48. Kd4 Nxa4 49. b3 Nc3 50. Re5 Nd7 51. Re8 Nd1 52. Re2 Bc5+
53. Kd5 Nc3+ 54. Kc6 Nxe2 55. Bxe2 1/2-1/2

[Event "ENCI Limburg-open A"]
[Site "Maastricht"]
[Date "2011.06.11"]
[Round "3"]
[White "De Wit, Albert"]
[Black "Driessens, Patrick"]
[Result "0-1"]
[WhiteElo "2054"]
[BlackElo "2324"]
[PlyCount "102"]
[EventDate "2011.06.10"]
[EventType "swiss"]
[EventRounds "7"]
[EventCountry "NED"]
[Source "P.Boonen"]
[SourceDate "2012.01.01"]

1. e4 e6 2. d4 d5 3. exd5 exd5 4. Nc3 Nf6 5. Bd3 Be7 6. Bf4 O-O 7. h3 c5 8.
dxc5 Bxc5 9. Nge2 Nc6 10. O-O Be6 11. Ng3 Qd7 12. Bg5 Be7 13. Re1 h6 14. Bf4
Rfe8 15. Nb5 Rac8 16. c3 Bf8 17. Rc1 g6 18. Qd2 h5 19. Bg5 Nh7 20. Bh6 Be7 21.
Bb1 Bf6 22. Nd4 Nxd4 23. cxd4 h4 24. Ne2 Bf5 25. Bxf5 Qxf5 26. Be3 b6 27. Nc3
Ng5 28. Kh2 Ne6 29. Nb5 Be7 30. Nxa7 Ra8 31. Nb5 Rxa2 32. Rc6 Rb8 33. Rec1 Ng5
34. Nc3 Ra5 35. Ne2 Ne4 36. Qe1 Ra2 37. R6c2 Re8 38. Kg1 Kg7 39. Nc3 Bb4 40.
Nxa2 Bxe1 41. Rxe1 Rc8 42. Rxc8 Qxc8 43. Rc1 Qe6 44. Nb4 Nd6 45. Rc6 Qd7 46. b3
f6 47. Rxb6 Nf5 48. Nd3 Qc7 49. Rb5 Nxe3 50. fxe3 Qc3 51. Nf2 Qe1+ 0-1